UFC Weight Classes - Statistics

General Stats
  • This quiz has been taken 267 times
  • The average score is 8 of 9
Answer Stats
Hint Answer % Correct
265 Heavyweight
98%
155 Lightweight
98%
205 Light Heavyweight
93%
135 Bantamweight
92%
145 Featherweight
92%
185 Middleweight
91%
170 Welterweight
90%
125 Flyweight
89%
115 Strawweight
81%
No matching quizzes found
Score Distribution
Percent of People with Each Score
Percentile by Number Answered
Your Score History
You have not taken this quiz